000 02155nas a2200337 a 4500
001 000409217
003 AM-YeHGA
005 20260204140548.0
008 050211d19271932ai |||pdr| || ||arm|d
040 _aAM-YeHGA
041 0 _aarm
245 0 0 _aԳրական դիրքերում :
_bՏեսական-քննադատական, գրական-գեղարվեստական պատկերազարդ հանրամատչելի ամսագիր /
_cԽմբ.` Ն. Դաբաղյան ; Որգան Խորհրդային Հայաստանի Պրոլետարական գրողների միության.
246 3 _aГракан диркерум ;
_bНа литературном посту
260 _aՅերևան :
_bտպ. Պոլիգրաֆի,
_c1927-1932.
300 _a64 էջ :
_bնկ. ;
_c25 x 17 սմ.
310 _aԱմսագիր
362 0 _a1927-1932
500 _aՀանդեսը հրատարակել է երիտասարդ գրողների և քննադատների գործերը, անդրադարձել է ժամանակի գրական պայքարին ու գեղարվեստական ըմբռնումներին, տպագրել ընկերական շարժեր և ծաղրանկարներ, նմուշներ սովետական գրողների ստեղծագործություններից:
500 _aԽմբագիրներ՝ Վ. Ալազան ; Ն. Զարյան ; Գ. Վանանդեցի ; Ա. Վարդանյան ; Հ. Գյուլիքևխվյան
546 _aԲնագիրը՝ հայերեն
650 0 4 _aԱմսագիր
650 1 4 _aԳրականագիտություն
_vՊարբերականներ
_yXXդ.
650 1 4 _aԳրական մամուլ
_vՊարբերականներ
_yXXդ.
650 1 4 _aԱրվեստ, մշակույթ
_vՊարբերականներ
_yXXդ.
651 4 _aԵրևան
_96142
651 4 _aՀայաստան
700 1 _aԴաբաղյան, Նորայր Հարությունի,
_d1904-1955
_eխմբ.
_9856
710 2 _aԽորհրդային Հայաստանի Պրոլետարական գրողների միություն
856 4 1 _uhttps://tert.nla.am/mamul/grakan_dirqerum/Table.html
_yԿարդալ առցանց
942 _2udc
_cCR
999 _c155648
_d155648